Social theory and social structure (Record no. 1848415)

MARC details
000 -LEADER
fixed length control field 00503nam a22001817a 4500
005 - DATE AND TIME OF LATEST TRANSACTION
control field 20260423123148.0
008 - FIXED-LENGTH DATA ELEMENTS--GENERAL INFORMATION
fixed length control field 260423b |||||||| |||| 00| 0 eng d
037 ## - SOURCE OF ACQUISITION
Terms of availability DSWL
040 ## - CATALOGING SOURCE
Original cataloging agency DSWL
Transcribing agency DSWL
084 ## - COLON CLASSIFICATION NUMBER
Classification number Yv Q7
100 ## - MAIN ENTRY--PERSONAL NAME
Personal name Merton, Robert K
245 ## - TITLE STATEMENT
Title Social theory and social structure
260 ## - PUBLICATION, DISTRIBUTION, ETC.
Place of publication, distribution, etc. Jaipur,
Name of publisher, distributor, etc. Rawat Publication,
Date of publication, distribution, etc. 2017
300 ## - PHYSICAL DESCRIPTION
Extent 645p
365 ## - TRADE PRICE
Price type code INR
Price amount 1550
942 ## - ADDED ENTRY ELEMENTS (KOHA)
Source of classification or shelving scheme Colon Classification (CC)
Koha item type Textual
Classification part Yv Q7
Suppress in OPAC No
Holdings
Withdrawn status Lost status Source of classification or shelving scheme Damaged status Not for loan Home library Current library Date acquired Source of acquisition Cost, normal purchase price Inventory number Total Checkouts Full call number Barcode Date last seen Price effective from Koha item type
    Colon Classification (CC)     Department of Social Work Library Department of Social Work Library 2018-02-28 Standard Book House 1550.00 606/26.02.18   Yv Q7 SW0032370 2026-04-23 2026-04-23 Textual
Copyright @ Delhi University Library System